000 00432nam a2200181Ia 4500
001 11359
005 20260306162822.0
008 260306t2015||||xx |||||||||||||| ||spa||
041 _aESP
082 _a985.04
_bA64
100 _aAparicio Vega, Manuel Jesús
_eAUT
245 0 _aEl clero patriota en 1814
260 _c2015
300 _a342 páginas :
_c24 cm.
650 _aGEN
654 _aCHU
942 _cLIB
_dJUS
_fJUS
_2ddc
_n
999 _c11359
_d11359